| 000 | 00470nam a2200181Ia 4500 | ||
|---|---|---|---|
| 001 | 14891 | ||
| 005 | 20260306164947.0 | ||
| 008 | 260306t1999||||xx |||||||||||||| ||spa|| | ||
| 041 | _aESP | ||
| 082 |
_a519.5 _bK72 |
||
| 100 |
_aHeinz, Kohler _eAUT |
||
| 245 | 0 |
_aEstadística para negocios y economía: _bstatistics for business and economics |
|
| 260 | _c1999 | ||
| 300 |
_a1053 páginas : _c27 cm. |
||
| 650 | _aGEN | ||
| 654 | _aCMA | ||
| 942 |
_cLIB _dJUS _fJUS _2ddc _n |
||
| 999 |
_c14891 _d14891 |
||